[Event "MCR mladeze, Kouty 2018 - D14"]
[Site "Kouty nad Desnou"]
[Date "2018.03.14"]
[Round "6"]
[White "Souckova, Viktorie"]
[Black "Dudova, Pavlina"]
[Result "0-1"]
[WhiteElo "1126"]
[BlackElo "1526"]
[EventDate "2018.03.10"]

1. e4  e5  2. Nf3  Nc6
3. Bb5  a6  4. Bxc6
dxc6  5. Nxe5  Qd4
6. Ng4  Qxe4+  7. Ne3
Nf6  8. Nc3  Qg6
9. d4  Bd6  10. Qe2
O-O  11. Bd2  Re8
12. O-O-O  b5  13. h4
h5  14. Qf3  Bd7
15. Rhe1  a5  16. Qe2
a4  17. d5  Nxd5
18. Ncxd5  cxd5  19. Bc3
b4  20. Bxg7  Kxg7
21. Rxd5  Re5  22. Red1
Rae8  23. Qf3  Bc6
24. Qg3  Qxg3  25. fxg3
Bxd5  26. Nxd5  Re2
27. Rd2  Rxd2  28. Kxd2
Bxg3  29. Nxb4  Be1+
0-1

[Event "MCR mladeze, Kouty 2018 - D14"]
[Site "Kouty nad Desnou"]
[Date "2018.03.14"]
[Round "6"]
[White "Markova, Katerina"]
[Black "Londinova, Jasmina Marie"]
[Result "0-1"]
[WhiteElo "1129"]
[BlackElo "1122"]
[EventDate "2018.03.10"]

1. e4  b6  2. d4  Bb7
3. Nc3  e6  4. Nf3
Bb4  5. Bd3  Nf6
6. O-O  Bxc3  7. bxc3
Nxe4  8. Bxe4  Bxe4
9. Ba3  Bb7  10. Re1
Qf6  11. Re3  Nc6
12. d5  Ne7  13. d6
Nf5  14. Rd3  Nxd6
15. Bxd6  cxd6  16. Rxd6
Bxf3  17. Qxf3  Qxf3
18. gxf3  Ke7  19. Rad1
Rhd8  20. R6d3  d5
21. f4  Kf6  22. Rg3
Rac8  23. Kg2  Rc4
24. Rd4  Rxd4  25. cxd4
g6  26. Ra3  Rd7
27. Rh3  h5  28. Rg3
Rc7  29. c3  b5
30. a3  a5  31. Re3  Rb7
32. h3  b4  33. axb4
axb4  34. cxb4  Rxb4
35. Rc3  Rxd4  36. Kg3
Kf5  37. Rc7  f6
38. h4  Rxf4  39. Rc3
d4 0-1

[Event "MCR mladeze, Kouty 2018 - D14"]
[Site "Kouty nad Desnou"]
[Date "2018.03.14"]
[Round "6"]
[White "Capkova, Hana"]
[Black "Sevelova, Anna"]
[Result "1-0"]
[WhiteElo "1099"]
[BlackElo "1000"]
[EventDate "2018.03.10"]

1. e4  e5  2. f4  f6
3. Nf3  Nc6  4. Bc4
Nh6  5. Nc3  Bc5
6. d3  d6  7. Qe2
Bg4  8. Be3  Qe7
9. O-O  O-O-O  10. Nd5
Qd7  11. Rad1  Rhf8
12. Qf2  Rde8  13. Bxc5
dxc5  14. Qxc5  Kd8
15. Rf2  b6  16. Qb5
Nd4  17. Qa6  Qc8
18. Qxa7  Nc6  19. Qa4
Kd7  20. Nb4  Qb7
21. Bd5  b5  22. Qa3
Ra8  23. Qc3  Qb6
24. Bxc6+  Ke7  25. Nd5+
Kf7  26. Nxb6  cxb6
27. Bd5+  Be6  28. Qc7+
Kg8  29. Bxe6+  Nf7
30. d4  h6  31. Nh4
Rae8  32. Ng6  Kh7
33. Nxf8+  Rxf8  34. Bxf7
exf4  35. Rxf4  g5
36. Bh5+  Kg8  37. Bg6
gxf4  38. Qh7#  1-0

[Event "MCR mladeze, Kouty 2018 - D14"]
[Site "Kouty nad Desnou"]
[Date "2018.03.14"]
[Round "6"]
[White "Merinska, Julie"]
[Black "Vahalova, Veronika"]
[Result "1/2-1/2"]
[WhiteElo "1135"]
[BlackElo "1000"]
[EventDate "2018.03.10"]

1. e4  e5  2. Nf3  Nc6
3. Bc4  Bc5  4. d3
d6  5. h3  Nf6
6. Bg5  Be6  7. Bxe6  fxe6
8. Nc3  O-O  9. Qd2
Qe8  10. O-O-O  d5
11. Rhe1  Rb8  12. Na4
Qe7  13. Nxc5  Qxc5
14. Nxe5  Nxe5  15. d4
Qd6  16. dxe5  Qxe5
17. Bf4  Qh5  18. f3
b5  19. Qa5  Rfc8
20. Bxc7  Rb7  21. Bf4
Qe8  22. Qa6  Qc6
23. Qxc6  Rxc6  24. g4
a5  25. h4  b4
26. b3  Nd7  27. exd5  exd5
28. Re8+  Kf7  29. Rde1
Rb5  30. R1e7+  Kf6
31. g5+  Kg6  32. Rxd7
Rbc5  33. Bd6  Rxc2+
34. Kd1  Rg2  35. Re6+
Kf5  36. Re5+  Kf4
37. Re4+  Kxf3  38. Re8
Rcc2  39. Rf8+  Kg4
40. Rf4+  Kh3  41. Rf3+
Kxh4  42. Rf4+  Kh3
43. Rf3+  Kg4  44. Rf4+
1/2-1/2

[Event "MCR mladeze, Kouty 2018 - D14"]
[Site "Kouty nad Desnou"]
[Date "2018.03.15"]
[Round "7"]
[White "Lhotska, Anna"]
[Black "Gregurkova, Nikola"]
[Result "1-0"]
[WhiteElo "1647"]
[BlackElo "1579"]
[EventDate "2018.03.10"]

1. d4  Nf6  2. c4  c5
3. Nf3  cxd4  4. Nxd4
e5  5. Nf3  Nc6
6. Nc3  Bc5  7. e3  d6
8. Be2  Bf5  9. Nh4
Be6  10. O-O  O-O
11. Nf3  Qd7  12. e4
Nd4  13. b3  Rac8
14. Bg5  Qe7  15. Qd2
Nxf3+  16. Bxf3  h6
17. Be3  Rfd8  18. Rfd1
Ne8  19. Qe2  f5
20. exf5  Bxf5  21. Nd5
Qd7  22. Bxc5  Rxc5
23. Rd2  Be6  24. Rad1
Bxd5  25. Bxd5+  Kh8
26. Qf3  b6  27. Qf8+
Kh7  28. Qg8+  Kg6
29. Be4+  Kf6  30. Rd3
Ke7  31. Rf3  Qe6
32. Qf8+  Kd7  33. Bf5 1-0

[Event "MCR mladeze, Kouty 2018 - D14"]
[Site "Kouty nad Desnou"]
[Date "2018.03.15"]
[Round "7"]
[White "Malkova, Adriana"]
[Black "Stastna, Martina"]
[Result "0-1"]
[WhiteElo "1486"]
[BlackElo "1531"]
[EventDate "2018.03.10"]

1. e4  e5  2. Nf3  Nf6
3. Nxe5  d6  4. Nf3
Nxe4  5. Nc3  Nxc3
6. dxc3  Be7  7. Bd3
Be6  8. Be3  Nc6
9. Bb5  O-O  10. Bxc6
bxc6  11. Nd4  Bd5
12. Qg4  c5  13. Nf5
Bf6  14. O-O-O  Bxa2
15. h4  Be6  16. Bg5
Bxf5  17. Qxf5  Rb8
18. Rd3  Qc8  19. Qxc8
Rfxc8  20. Bxf6  gxf6
21. Rf3  Kg7  22. Rhh3
Rg8  23. Rhg3+  Kh8
24. Rxg8+  Kxg8  25. Rxf6
Kg7  26. Rf3  Re8
27. Re3  Rxe3  28. fxe3
Kf6  29. g4  Ke5
30. Kd2  f5  31. gxf5
Kxf5  32. Kd3  h5
33. e4+  Kf4  34. b4
c4+  35. Kd4  Kg4
36. Ke3  Kxh4  37. Kf4
a6  38. Kf3  Kg5
39. Kg3  c5  40. Kf3
h4  41. Kg2  Kf4
42. Kh3  Kxe4  43. Kxh4
cxb4  0-1

[Event "MCR mladeze, Kouty 2018 - D14"]
[Site "Kouty nad Desnou"]
[Date "2018.03.15"]
[Round "7"]
[White "Dudova, Pavlina"]
[Black "Vsetulova, Viktorie"]
[Result "1-0"]
[WhiteElo "1526"]
[BlackElo "1457"]
[EventDate "2018.03.10"]

1. e4  c5  2. Nf3  d6
3. d4  cxd4  4. Nxd4
Nf6  5. Nc3  g6
6. Be2  Bg7  7. Be3  O-O
8. O-O  Nc6  9. Nb3
Be6  10. f4  Rc8
11. Kh1  a6  12. a4
Bxb3  13. cxb3  Qa5
14. Bf3  Rfd8  15. Rc1
Nb4  16. Qe2  Nd7
17. Bd2  Qb6  18. a5
Qa7  19. Be3  Qb8
20. Nd5  Nxd5  21. exd5
Rxc1  22. Rxc1  Rc8
23. Rc4  Nf6  24. Qc2
Rf8  25. Rc7  Re8
26. Bb6  e6  27. dxe6
fxe6  28. Rxb7  Qc8
29. Qc7  Qxc7  30. Rxc7
e5  31. fxe5  dxe5
32. Kg1  e4  33. Be2
e3  34. Kf1  Nd5
35. Bc4  Kh8  36. Bxd5
e2+  37. Ke1  Bxb2
38. Rc2  Ba3  39. Rxe2
1-0

[Event "MCR mladeze, Kouty 2018 - D14"]
[Site "Kouty nad Desnou"]
[Date "2018.03.15"]
[Round "7"]
[White "Ruzickova, Ema"]
[Black "Vavrinkova, Anna"]
[Result "1-0"]
[WhiteElo "1306"]
[BlackElo "1565"]
[EventDate "2018.03.10"]

1. e4  c6  2. d4  d5
3. Nc3  dxe4  4. Nxe4
Bf5  5. Ng3  Bg6
6. Nh3  h6  7. Nf4
Bh7  8. c3  Nf6
9. Bd3  Bxd3  10. Nxd3  e6
11. Be3  Nbd7  12. Qe2
Qc7  13. O-O-O  O-O-O
14. Bf4  Bd6  15. Bxd6
Qxd6  16. Ne5  Qe7
17. Kb1  Kb8  18. Nh5
Nxh5  19. Qxh5  Rhf8
20. Nxd7+  Rxd7  21. Qe5+
Ka8  22. Qxg7  h5
23. Qe5  Rd5  24. Qe3
Qf6  25. g3  Rfd8
26. Qe2  Kb8  27. f4
Kc8  28. Rd2  h4
29. Qe3  Rg8  30. Rg1
hxg3  31. Rxg3  Rxg3
32. hxg3  Qg6+  33. Qd3
Qg4  34. c4  Rh5
35. Rf2  Rh3  36. Rf3
Kd7  37. a3  Ke7
38. d5  cxd5  39. cxd5
exd5  40. Qxd5  Qg6+ 41. f5 Qb6
42. Qe5+  Kf8  43. f6
Qd8  44. Qc5+  Kg8
45. Qg5+  Kf8  46. Qg7+ Ke8
47. Qg8+  1-0

[Event "MCR mladeze, Kouty 2018 - D14"]
[Site "Kouty nad Desnou"]
[Date "2018.03.15"]
[Round "7"]
[White "Rolinkova, Lucie"]
[Black "Saskova, Renata"]
[Result "1-0"]
[WhiteElo "1444"]
[BlackElo "1307"]
[EventDate "2018.03.10"]

1. e4  c5  2. Nf3  d6
3. d4  cxd4  4. Nxd4
Nf6  5. Nc3  e6
6. Be2  Be7  7. O-O  O-O
8. f4  Nc6  9. Be3
Bd7  10. Qe1  a6
11. Qg3  Kh8  12. e5
Ne8  13. Rad1  f6
14. Bf3  Qc7  15. exd6
Bxd6  16. Bxc6  bxc6
17. Ne4  e5  18. Nxd6
Nxd6  19. fxe5  Ne4
20. Qf4  Qxe5  21. Qxe5
fxe5  22. Nf3  Bg4
23. Rde1  Bxf3  24. gxf3
Nf6  25. Rf2  h6
26. Bc5  Rfe8  27. Rfe2
Rab8  28. b3  Nd7
29. Bd6  Rb5  30. c4
Rb6  31. Bxe5  Nxe5
32. Rxe5  Rd8  33. Re8+
Rxe8  34. Rxe8+  Kh7
35. Kf2  Kg6  36. Ke3
Kf7  37. Ra8  c5
38. Rc8  Re6+  39. Kf2
Re5  40. Rc6  Rh5
41. Rxa6  Rxh2+  42. Kg3
Rb2  43. Ra5  g5
44. Kg4  Kg6  45. Ra6+
Kg7  46. Ra5  Kg6
47. Rxc5  Rxa2  48. Rc6+
Kg7  49. b4  Rg2+
50. Kh3  Rf2  51. Kg3
Rf1  52. b5  h5
53. b6  Rg1+  54. Kh2  Rb1
55. c5  g4  56. fxg4
hxg4  57. Rc7+  Kg6
58. b7  Rb2+  59. Kg3
Kg5  60. c6  Rb3+
61. Kg2  Rb2+  62. Kg1
Kf4  63. Rc8  Rb1+
64. Kg2  Rb2+  65. Kf1
Rb1+  66. Ke2  Rb2+
67. Kd1  g3  68. b8=Q+
Rxb8  69. Rxb8  g2
70. Rg8  Kf3  71. Ke1
1-0

[Event "MCR mladeze, Kouty 2018 - D14"]
[Site "Kouty nad Desnou"]
[Date "2018.03.15"]
[Round "7"]
[White "Leksova, Sona"]
[Black "Capkova, Hana"]
[Result "1-0"]
[WhiteElo "1382"]
[BlackElo "1099"]
[EventDate "2018.03.10"]

1. e4  c5  2. Nf3  Nc6
3. Bb5  Qc7  4. c3
Nf6  5. d3  d6
6. Bxc6+  Qxc6  7. O-O  Be6
8. e5  Nd5  9. d4
cxd4  10. Nxd4  Qd7
11. Nxe6  Qxe6  12. Qa4+
Kd8  13. exd6  Qxd6
14. Be3  g6  15. Rd1
Rc8  16. c4  e6
17. cxd5  exd5  18. Nc3  Qf6
19. Bg5  Qxg5  20. Rxd5+
1-0

[Event "MCR mladeze, Kouty 2018 - D14"]
[Site "Kouty nad Desnou"]
[Date "2018.03.15"]
[Round "7"]
[White "Drahonovska, Veronika"]
[Black "Habinova, Alice"]
[Result "1/2-1/2"]
[WhiteElo "1092"]
[BlackElo "1327"]
[EventDate "2018.03.10"]

1. d4  d5  2. c4  e6
3. Nc3  Nf6  4. Bg5
Be7  5. Nf3  O-O
6. e3  h6  7. Bxf6
Bxf6  8. Bd3  b6
9. cxd5  exd5  10. O-O
Bg4  11. Be2  c6
12. Qc2  Qd6  13. Rad1
Nd7  14. e4  dxe4
15. Qxe4  Bh5  16. Qf5
Bg6  17. Qg4  Qe7
18. Rfe1  Qd8  19. Ne4
Qe7  20. Bd3  Qd8
21. Re3  b5  22. Nxf6+
Nxf6  23. Qg3  Nd5
24. Re2  Bxd3  25. Rxd3
Qf6  26. Re4  Qf5
27. Qe5  Qd7  28. Qg3
Nb4  29. Rde3  Nd5
1/2-1/2

[Event "MCR mladeze, Kouty 2018 - D14"]
[Site "Kouty nad Desnou"]
[Date "2018.03.15"]
[Round "7"]
[White "Londinova, Jasmina Marie"]
[Black "Pluharova, Asja"]
[Result "0-1"]
[WhiteElo "1122"]
[BlackElo "1159"]
[EventDate "2018.03.10"]

1. b3  e5  2. Bb2  Nc6
3. e3  d6  4. Bb5
Bd7  5. Bxc6  Bxc6
6. Nf3  Nf6  7. d3
Be7  8. Nbd2  Qd7
9. c4  O-O  10. Qe2
a6  11. O-O  b5
12. Rac1  Rab8  13. e4  bxc4
14. dxc4  a5  15. Ne1
Qe6  16. Nd3  Nd7
17. Nb1  f5  18. exf5
Rxf5  19. f3  Rbf8
20. Kh1  R5f7  21. Nd2
Qf5  22. Ne1  Bg5
23. Rc2  e4  24. Kg1
Bf4  25. g3  Qc5+
26. Kg2  Bxd2  27. Qxd2
exf3+  28. Kh1  f2+
29. Ng2  Bxg2+  30. Kxg2
Qc6+  31. Kh3  Qf3
32. Bd4  Qh5+  33. Kg2
Qf3+  34. Kh3  Rf5
0-1

[Event "MCR mladeze, Kouty 2018 - D14"]
[Site "Kouty nad Desnou"]
[Date "2018.03.15"]
[Round "7"]
[White "Markova, Katerina"]
[Black "Vahalova, Veronika"]
[Result "1-0"]
[WhiteElo "1129"]
[BlackElo "1000"]
[EventDate "2018.03.10"]

1. e4  e5  2. f4  exf4
3. Nf3  g5  4. h4
h6  5. d4  d6
6. Bc4  Bg7  7. Nc3  Nf6
8. Qd3  O-O  9. hxg5
Ng4  10. Qe2  Nd7
11. g6  Nb6  12. Bxf7+
Kh8  13. Bxf4  Bd7
14. O-O-O  Qe7  15. Ng5
c5  16. Ne6  Rfc8
17. Kb1  Ba4  18. Qxg4
a5  19. Bxh6  Bxh6
20. Rxh6#  1-0

[Event "MCR mladeze, Kouty 2018 - D14"]
[Site "Kouty nad Desnou"]
[Date "2018.03.15"]
[Round "7"]
[White "Sevelova, Anna"]
[Black "Merinska, Julie"]
[Result "0-1"]
[WhiteElo "1000"]
[BlackElo "1135"]
[EventDate "2018.03.10"]

1. e4  e5  2. Bc4  Nf6
3. Nc3  Bc5  4. Nf3
Nc6  5. d3  h6
6. O-O  d6  7. h3  Be6
8. Bxe6  fxe6  9. Qe2
Qe7  10. Be3  O-O-O
11. Bxc5  dxc5  12. Rad1
g5  13. Rd2  Nd4
14. Qd1  Nxf3+  15. Qxf3
h5  16. Qe3  Rhg8
17. Kh2  h4  18. Kh1
g4  19. Rg1  Rg6
20. Rdd1  gxh3  21. Qxh3
Ng4  22. Rdf1  Rf8
23. Nd1  Qg5  24. g3
Rh6  25. Kg2  hxg3
26. Qxg3  Rh2+  27. Qxh2
Nxh2+  28. Kxh2  Rh8#
0-1

[Event "MCR mladeze, Kouty 2018 - D14"]
[Site "Kouty nad Desnou"]
[Date "2018.03.16"]
[Round "8"]
[White "Stastna, Martina"]
[Black "Dudova, Pavlina"]
[Result "0-1"]
[WhiteElo "1531"]
[BlackElo "1526"]
[EventDate "2018.03.10"]

1. e4  e5  2. Nf3  Nc6
3. Bb5  a6  4. Ba4
Nf6  5. O-O  Be7
6. Re1  b5  7. Bb3
O-O  8. h3  d6
9. c3  Nb8  10. d4  Nbd7
11. Nbd2  Bb7  12. Bc2
Re8  13. Nf1  Nf8
14. Ng3  Ng6  15. d5
c5  16. Be3  b4
17. cxb4  cxb4  18. Ba4  Rf8
19. Qb3  a5  20. a3
Rb8  21. axb4  axb4
22. Rec1  Nf4  23. Kh2
Ba6  24. Bc6  Bb7
25. Ba7  Bxc6  26. Bxb8
Bxd5  27. Qxb4  Qxb8
28. Qxb8  Rxb8  29. exd5
N6xd5  30. Nf5  Bf8
31. g3  Nd3  32. Rc2
N5b4  33. Re2  Rc8
34. Ne1  Nxe1  35. Raxe1
g6  36. Ne3  f6
37. Rd1  Kf7  38. Nd5  Nxd5
39. Rxd5  Ke6  40. Rd1
Rb8  41. Kg2  Rb3
42. Kf1  d5  43. Kg2
f5  44. h4  Bg7
45. f3  e4  46. fxe4  fxe4
47. Red2  Rxb2  48. Rxb2
Bxb2  49. Rb1  Bc3
50. Rb7  h5  51. Rb6+
Kf5  52. Rb3  Be5
53. Kf2  d4  54. Rb5
Ke6  55. Rb6+  Bd6
56. Ra6  Kd5  57. Ra5+
Bc5  58. Ra6  d3+
59. Ke1  Bd6  60. Ra5+
Kd4  61. Rg5  Bb4+
62. Kd1  e3  0-1

[Event "MCR mladeze, Kouty 2018 - D14"]
[Site "Kouty nad Desnou"]
[Date "2018.03.16"]
[Round "8"]
[White "Gregurkova, Nikola"]
[Black "Vsetulova, Viktorie"]
[Result "1-0"]
[WhiteElo "1579"]
[BlackElo "1457"]
[EventDate "2018.03.10"]

1. e4  e5  2. Nf3  Nc6
3. Bb5  Nf6  4. O-O
d6  5. Re1  Be7
6. c3  O-O  7. h3  Bd7
8. d4  exd4  9. cxd4
a6  10. Ba4  b5
11. Bb3  Na5  12. Bc2  h6
13. e5  dxe5  14. dxe5
Nh7  15. Qd3  g6
16. Bxh6  Re8  17. Nc3
c5  18. Nd5  Nc6
19. e6  Bxe6  20. Rxe6
1-0

[Event "MCR mladeze, Kouty 2018 - D14"]
[Site "Kouty nad Desnou"]
[Date "2018.03.16"]
[Round "8"]
[White "Ruzickova, Ema"]
[Black "Lhotska, Anna"]
[Result "0-1"]
[WhiteElo "1306"]
[BlackElo "1647"]
[EventDate "2018.03.10"]

1. e4  c5  2. Nf3  d6
3. d4  cxd4  4. Nxd4
Nf6  5. Nc3  Nc6
6. Bg5  e6  7. Qd2
Be7  8. O-O-O  O-O
9. f3  a6  10. g4
d5  11. Qe2  Nxe4
12. Nxe4  Bxg5+  13. Nxg5
Qxg5+  14. Kb1  Qf6
15. Nb3  b6  16. h4
Bb7  17. g5  Qf4
18. Qg2  a5  19. Qf2
d4  20. Be2  Rfd8
21. Qg2  a4  22. Nc1
a3  23. Nd3  Qc7
24. b3  Ne5  25. Qg3
Ra5  26. b4  Qc3
27. Kc1  Rc8  28. Ne1
Qb2+  29. Kd2  Qxb4+
30. Kc1  Rac5  31. Bd3
Nxd3+  32. Rxd3  Qb2+
33. Kd2  Rxc2+  34. Nxc2
Qxc2+  35. Ke1  Qxd3
0-1

[Event "MCR mladeze, Kouty 2018 - D14"]
[Site "Kouty nad Desnou"]
[Date "2018.03.16"]
[Round "8"]
[White "Malkova, Adriana"]
[Black "Rolinkova, Lucie"]
[Result "0-1"]
[WhiteElo "1486"]
[BlackElo "1444"]
[EventDate "2018.03.10"]

1. d4  Nf6  2. Nf3  e6
3. e3  Nc6  4. Bd3
d5  5. Nbd2  Nb4
6. Be2  c5  7. c3
Nc6  8. Bd3  Qc7
9. Qe2  cxd4  10. exd4
Bd6  11. O-O  O-O
12. c4  e5  13. cxd5
Nxd4  14. Nxd4  exd4
15. Nf3  Re8  16. Qc2
Nxd5  17. Qa4  Bg4
18. Qxd4  Bxf3  19. gxf3
Bxh2+  20. Kg2  Nf4+
21. Bxf4  Bxf4  22. Rh1
h6  23. Rh4  Bg5
24. Rg4  Rad8  25. Qa4
a6  26. Be4  Qd7
27. Qb4  f5  28. Qc4+
Kh8  29. Rxg5  fxe4
30. fxe4  b5  31. Qb3
Rxe4  32. Rh1  Rg4+
33. Rxg4  Qxg4+  34. Qg3
Qe4+  35. Qf3  Qxf3+
36. Kxf3  Kh7  37. Re1
Rd2  38. Re6  a5
39. Ra6  a4  40. b3
Rxa2  41. bxa4  Rxa4
42. Rb6  b4  43. Ke3
Ra3+  44. Kd4  b3
45. Ke5  Ra2  46. f4
b2  47. f5  h5
48. f6  gxf6+  49. Kxf6  Ra6
50. Rxa6  b1=Q  51. Ra7+
Kh6  52. Ra8  Qf1+
0-1

[Event "MCR mladeze, Kouty 2018 - D14"]
[Site "Kouty nad Desnou"]
[Date "2018.03.16"]
[Round "8"]
[White "Saskova, Renata"]
[Black "Leksova, Sona"]
[Result "1/2-1/2"]
[WhiteElo "1307"]
[BlackElo "1382"]
[EventDate "2018.03.10"]

1. e4  e6  2. d4  d5
3. exd5  exd5  4. Nf3
Bg4  5. Be2  Bd6
6. Nc3  Nf6  7. Bg5
Nbd7  8. h3  Bxf3
9. Bxf3  Qe7+  10. Qe2
Qxe2+  11. Bxe2  O-O
12. O-O  Ne4  13. Nxe4
dxe4  14. Bg4  f5
15. Be2  c5  16. Rad1
Nb6  17. Be3  Rac8
18. c3  f4  19. dxc5
Bxc5  20. Bxc5  Rxc5
21. Bg4  e3  22. fxe3
fxe3  23. Rfe1  Re5
24. Rd3  Rf2  25. Rdxe3
Rxe3  26. Kxf2  Rxe1
27. Kxe1  Na4  28. b3
Nxc3  29. a4  b6
30. Kd2  Ne4+  31. Kc2
1/2-1/2

[Event "MCR mladeze, Kouty 2018 - D14"]
[Site "Kouty nad Desnou"]
[Date "2018.03.16"]
[Round "8"]
[White "Vavrinkova, Anna"]
[Black "Drahonovska, Veronika"]
[Result "1-0"]
[WhiteElo "1565"]
[BlackElo "1092"]
[EventDate "2018.03.10"]

1. e4  c5  2. Nf3  Nc6
3. Bb5  e6  4. O-O
Nf6  5. d3  Qc7
6. c3  a6  7. Ba4  b5
8. Bb3  Be7  9. Nbd2
Bb7  10. Re1  d6
11. Nf1  O-O  12. Ng3
Rad8  13. h3  e5
14. Nf5  Nh5  15. Nxe5
Nxe5  16. Qxh5  g6
17. Nxe7+  Qxe7  18. Qe2
d5  19. exd5  Bxd5
20. Qxe5  Qxe5  21. Rxe5
c4  22. dxc4  bxc4
23. Ba4  Be6  24. Be3
Rd5  25. Rxd5  Bxd5
26. Rd1  Be6  27. Rd6
Kg7  28. Rxa6  Rd8
29. Bd4+  Kh6  30. Rc6
1-0

[Event "MCR mladeze, Kouty 2018 - D14"]
[Site "Kouty nad Desnou"]
[Date "2018.03.16"]
[Round "8"]
[White "Pluharova, Asja"]
[Black "Habinova, Alice"]
[Result "0-1"]
[WhiteElo "1159"]
[BlackElo "1327"]
[EventDate "2018.03.10"]

1. e4  e5  2. Nf3  Nc6
3. d4  exd4  4. Nxd4
Nf6  5. Nc3  Bb4
6. Nxc6  bxc6  7. Bd3
d5  8. Bd2  O-O
9. O-O  Re8  10. Re1  Bg4
11. f3  Bc5+  12. Kh1
Bd7  13. Bg5  h6
14. Bh4  g5  15. Bg3
h5  16. Qd2  Nh7
17. exd5  Bb6  18. Be4
cxd5 19. Nxd5  Be6  20. Nf6+
Qxf6  21. Bxa8  Rxa8
22. Be5  Qg6  23. Rad1
Nf6  24. Qd3  Bf5
25. Qc3  Nd7  26. a3
Nxe5  27. Rxe5  Bxc2
28. Rde1  Ba4  29. b4
Qg7  30. Qd3  a6
31. Qd5  c6  32. Qe4
Rd8  33. Re8+  Rxe8
34. Qxe8+  Kh7  35. Qe4+
Kh6  36. f4  Qg6
37. Qxg6+  Kxg6  38. fxg5
Kxg5  39. Re5+  f5
40. h3  h4  41. Kh2
Bc7  42. g3  Bxe5
43. Kg2  hxg3  44. Kg1
Kh4  45. Kg2  Bb5
46. Kg1  Kxh3  47. Kh1
g2+  48. Kg1  Bd4#
0-1

[Event "MCR mladeze, Kouty 2018 - D14"]
[Site "Kouty nad Desnou"]
[Date "2018.03.16"]
[Round "8"]
[White "Capkova, Hana"]
[Black "Souckova, Viktorie"]
[Result "0-1"]
[WhiteElo "1099"]
[BlackElo "1126"]
[EventDate "2018.03.10"]

1. e4  e5  2. f4  d6
3. Nf3  Nc6  4. d3
Bg4  5. Nc3  Nd4
6. Ne2  Bxf3  7. gxf3
Nxf3+  8. Kf2  Nd4
9. Be3  Qh4+  10. Kg2
Nxe2  11. Bxe2  exf4
12. Bf2  Qg5+  13. Kf1
Nf6  14. Rg1  Qe5
15. b3  a6  16. Qd2
Qxa1+  17. Kg2  Qe5
18. d4  Qxe4+  19. Bf3
Qf5  20. Re1+  Be7
21. Qe2  Qd7  22. Rg1
O-O-O  23. b4  h5
24. b5  Qxb5  25. Qxe7
Qc4  26. Qxf7  Qxf7
27. Rb1  b6  28. a4
Qg6+  29. Kh1  Qxc2
30. Rf1  Qxa4  31. Rg1
Rhg8  32. Bh4  Qxd4
33. Bg5  Rde8  0-1

[Event "MCR mladeze, Kouty 2018 - D14"]
[Site "Kouty nad Desnou"]
[Date "2018.03.16"]
[Round "8"]
[White "Merinska, Julie"]
[Black "Londinova, Jasmina Marie"]
[Result "0-1"]
[WhiteElo "1135"]
[BlackElo "1122"]
[EventDate "2018.03.10"]

1. e4  b6  2. d4  Bb7
3. Nc3  e6  4. Nf3
Bb4  5. Bd2  Bxc3
6. Bxc3  Bxe4  7. Bd3
Bxd3  8. Qxd3  d5
9. O-O-O  Nc6  10. Qb5
Qd7  11. Ne5  Nxe5
12. Qxd7+  Nxd7  13. Rhe1
Ngf6  14. f3  O-O-O
15. Rd3  c5  16. Rde3
Kb7  17. b3  Rhe8
18. R3e2  a6  19. a4
Rc8  20. Kd2  b5
21. a5  cxd4  22. Bxd4
Kc6  23. b4  h6
24. Re3  Kd6  25. R1e2  e5
26. Bb2  Rc4  27. Ba3
Rec8  28. Ke1  Rxc2
29. Rxc2  Rxc2  30. Kd1
Rxg2  31. h3  d4
32. Rd3  Kd5  33. Bc1
e4  34. fxe4+  Kxe4
35. Ra3  Ne5  36. Ke1
d3  37. Rb3  Nf3+
38. Kd1  Rg1# 0-1

[Event "MCR mladeze, Kouty 2018 - D14"]
[Site "Kouty nad Desnou"]
[Date "2018.03.16"]
[Round "8"]
[White "Vahalova, Veronika"]
[Black "Sevelova, Anna"]
[Result "0-1"]
[WhiteElo "1000"]
[BlackElo "1000"]
[EventDate "2018.03.10"]

1. e4  e5  2. Nf3  Nc6
3. Bc4  Nf6  4. c3
Be7  5. d4  Bd6
6. Bg5  O-O  7. Nbd2  Qe7
8. O-O  b6  9. Re1
Bb7  10. Nh4  Rae8
11. Qe2  exd4  12. cxd4
Nxd4  13. Qd3  Ne6
14. Ndf3  Nc5  15. Qe3
Ncxe4  16. Rad1  Bc5
17. Qe2  Bxf2+  18. Kf1
Bxe1  19. Rxe1  d5
20. Bb5  c6  21. Bd3
Nxg5  22. Nxg5  Qd8
23. Qf3  Rxe1+  24. Kxe1
Re8+  25. Kf2  Qe7
26. Qf5  Qe3+  27. Kf1
Qe1# 0-1

[Event "MCR mladeze, Kouty 2018 - D16"]
[Site "Kouty nad Desnou"]
[Date "2018.03.10"]
[Round "1"]
[White "Nemcova, Karin"]
[Black "Lorencova, Michaela"]
[Result "1-0"]
[WhiteElo "1997"]
[BlackElo "1463"]
[EventDate "2018.03.10"]

1. e4  e5  2. Nf3  Nf6
3. Nc3  Nc6  4. d4
exd4  5. Nxd4  Bb4
6. Nxc6  bxc6  7. Bd3
d6  8. O-O  O-O
9. Bg5  Re8  10. f4  h6
11. Bh4  Bd7  12. Qf3
Bc5+  13. Kh1  Bd4
14. Rae1  Rb8  15. h3
Qc8  16. e5  Bxc3
17. bxc3  Nh7  18. f5
Rxe5  19. Rxe5  dxe5
20. f6  g6  21. Qe3
Qf8  22. Bxg6  Be6
23. Bd3  Kh8  24. Kh2
Rd8  25. Rf3  Bd5
26. Be4  Bxe4  27. Qxe4
Qd6  28. Rd3  Qf8
29. Rg3  Rd6  30. Rg7
1-0

[Event "MCR mladeze, Kouty 2018 - D16"]
[Site "Kouty nad Desnou"]
[Date "2018.03.10"]
[Round "1"]
[White "Beranova, Karin"]
[Black "Koubova, Anna Marie"]
[Result "0-1"]
[WhiteElo "1453"]
[BlackElo "1943"]
[EventDate "2018.03.10"]

1. e4  c5  2. Nc3  e6
3. Bc4  Nc6  4. Nf3
g6  5. d3  Bg7
6. Be3  d6  7. O-O  Nge7
8. Qd2  d5  9. Bb5
d4  10. Bh6  dxc3
11. bxc3  O-O  12. Bxg7
Kxg7  13. d4  cxd4
14. cxd4  Qa5  15. Qe2
Qc3  16. Rfd1  a6
17. Ba4  b5  18. Bb3
Rd8  19. d5  exd5
20. exd5  Nxd5  21. Rac1
Be6  22. Qe4  Nf6
23. Qh4  Bg4  24. Rxd8
Rxd8  25. Ng5  Ne5
26. Kh1  h6  27. Ne4
Qc6  28. f3  Bf5
29. Re1  Bxe4  30. fxe4
Rd4  31. Qf2  Rxe4
32. Rf1  Nc4  33. c3
Ne3  34. Rc1  Rg4
35. Rg1  Qxc3  36. Qf3
Re4  37. h3  Qe5
38. Rc1  Nf5  39. Kg1
Nd4  40. Qf2  Ne2+
41. Kh1  Nxc1  42. g3
Re1+  43. Kg2  Qe4+
44. Qf3  Re2+  45. Kg1
Qxf3  46. Bd5  Qf2+
47. Kh1  Qh2# 0-1